| 000 | 003490000a22001450004500 | ||
|---|---|---|---|
| 020 | _a0-394-82018-5 | ||
| 082 | 0 | 4 | _aGI CJ H675n |
| 100 | 1 | _aHoffmann, E.T.A. | |
| 245 | 1 | 0 | _aThe Nutcracker / E.T.A. Hoffmann, il. : Kay Chorao |
| 260 | _aNew York : Bullseye Books | ||
| 300 | _a62 P. | ||
| 650 | 1 | 4 | _aLiteratura Infantil |
| 001 | 796 | ||
| 942 | _cLGB | ||
| 999 |
_c48000 _d48000 |
||